Ładuje się......
Out of the crystal maze: chapters from the history of solid state physics
| 1. autor: | |
|---|---|
| Format: | Printed Book |
| Wydane: |
New York, OUP
1992
|
| Hasła przedmiotowe: |
| LEADER | 005390000a22001690004500 | ||
|---|---|---|---|
| 020 | |a 0-19-505329-X | ||
| 082 | |a 530.41 N2 | ||
| 100 | |a Hoddeson, Lillian; Ed, et al | ||
| 245 | |a Out of the crystal maze: chapters from the history of solid state physics | ||
| 260 | |a New York, OUP | ||
| 260 | |c 1992 | ||
| 465 | |a D 75 | ||
| 650 | |a History | ||
| 650 | |a Solid state Physics | ||
| 942 | |c BK | ||
| 999 | |c 15318 |d 15318 | ||
| 952 | |0 0 |1 0 |4 0 |6 530_410000000000000_N2 |7 0 |8 ENG |9 15122 |a MGUL |b MGUL |d 2013-07-16 |e D 75 |l 0 |o 530.41 N2 |p 16685 |r 2013-07-16 |w 2013-07-16 |y BK | ||